One Piece Charaktere als KI Bilder erkennen - Statistiken

Allgemein
  • Dieses Quiz wurde 37 mal gespielt
  • Das Durchschnittsergebnis liegt bei 8 aus 9
Antwortstatistiken
Bildquiz Antwort % Korrekt
Nami
100%
Buggy
97%
Nico Robin
97%
Whitebeard
97%
Zorro
97%
Doflamingo
88%
Vivi
88%
Law
82%
Big mom
79%
Keine übereinstimmenden Quizze gefunden
Verteilung der Resultate
Anzahl Personen mit jedem Resultat
Perzentil nach korrekt beantworteten Fragen
Ihre Resultats-Entwicklung
Sie haben dieses Quiz noch nicht gespielt